La educación primaria : retos, dilemas y propuestas /
| Autor principal: | |
|---|---|
| Altres autors: | |
| Format: | Llibre |
| Idioma: | espanyol |
| Publicat: |
Barcelona :
Graó,
2001
|
| Matèries: |
MARC
| LEADER | 00000nam a2200000Ia 4500 | ||
|---|---|---|---|
| 008 | 150922b2001 sp ||||| |||| 00| | spa d | ||
| 020 | |a 8478272550 | ||
| 090 | |a 372.01 |b A662e | ||
| 100 | 1 | |a Aranega, Susanna |9 1060 | |
| 245 | 1 | 3 | |a La educación primaria : retos, dilemas y propuestas / |c Susanna Aranega; Joan Domenech |
| 260 | |a Barcelona : |b Graó, |c 2001 | ||
| 300 | |a 197 páginas | ||
| 650 | 1 | 4 | |a EDUCACIÓN PRIMARIA |9 367 |
| 650 | 1 | 4 | |a FINES DE LA EDUCACIÓN |9 1061 |
| 700 | |a Domenech, Joan | ||
| 942 | |i 505934 |h 372.01 A662e |2 z |c 01 | ||
| 999 | |c 273 |d 273 | ||
